[Event "AUTO-ADV-460"]
[Site "http://www.queenalice.com/game.php?id=194266"]
[Date "2007.4.9"]
[Round "1"]
[White "zeppe"]
[Black "mad_knight"]
[Result "0-1"]
[WhiteElo "1979"]
[BlackElo "1751"]

1. d4 d5 2. Nf3 Nf6 3. Bf4 c5 4. e3 Nc6 5. c3 Qb6 6. Qc1 Bf5 7. dxc5 Qxc5 8.
Nbd2 e6 9. Nb3 Qb6 10. Nbd4 Be4 11. Ng5 Be7 12. Nxe4 Nxe4 13. Nxc6 bxc6 14. Bd3
Nf6 15. h3 O-O 16. O-O c5 17. c4 Rac8 18. Qc2 a5 19. Bg5 h6 20. Bh4 Qc7 0-1

[Event "Challenge"]
[Site "http://www.queenalice.com/game.php?id=201608"]
[Date "2007.4.24"]
[Round "-"]
[White "zeppe"]
[Black "Joe_Boyd"]
[Result "1-0"]
[WhiteElo "1933"]
[BlackElo "1858"]

1. d4 Nf6 2. Nf3 e6 3. Bf4 c5 4. e3 Be7 5. c3 O-O 6. Bd3 Nc6 7. O-O a6 8. Ne5
Nd5 9. Bg3 b5 10. a3 d6 11. Nxc6 1-0

[Event "Let's Play Chess!"]
[Site "http://www.queenalice.com/game.php?id=238979"]
[Date "2007.7.12"]
[Round "-"]
[White "RiddleMeQuick"]
[Black "zeppe"]
[Result "1-0"]
[WhiteElo "1864"]
[BlackElo "1912"]

1. c4 Nf6 2. b3 e5 3. Nc3 d5 4. cxd5 Nxd5 5. Bb2 Bc5 6. e3 O-O 7. Nf3 Nc6 8. Rc1
Ndb4 9. Be2 Nd3+ 10. Bxd3 Qxd3 11. Qe2 Qg6 12. Nd5 Bd6 13. Rc4 Qb1+ 14. Bc1 e4
15. Ng5 Ne5 16. O-O Nxc4 17. bxc4 1-0

[Event "Let's Play Chess!"]
[Site "http://www.queenalice.com/game.php?id=238981"]
[Date "2007.7.12"]
[Round "-"]
[White "chessman"]
[Black "zeppe"]
[Result "0-1"]
[WhiteElo "1868"]
[BlackElo "1914"]

1. e4 e5 2. Nf3 Nc6 3. Bb5 a6 4. Bxc6 dxc6 5. d4 exd4 6. Qxd4 Bg4 7. Qxd8+ Rxd8
8. Ke2 Bd6 9. Nc3 Ne7 10. h3 Bxf3+ 11. Kxf3 O-O 12. Rd1 f5 13. exf5 Nxf5 14. Ke2
Rde8+ 15. Kf1 Ng3+ 16. Kg1 Ne2+ 17. Kf1 Bc5 18. Be3 Bxe3 19. Kxe2 Rxf2+ 20. Kd3
Bb6 21. Rac1 Rxg2 22. Rh1 Be3 23. Rce1 Rd2+ 0-1

[Event "Let's Play Chess!"]
[Site "http://www.queenalice.com/game.php?id=239183"]
[Date "2007.7.13"]
[Round "-"]
[White "Carlos75"]
[Black "zeppe"]
[Result "1-0"]
[WhiteElo "2424"]
[BlackElo "1916"]

1. e4 e5 2. Nf3 Nc6 3. Bb5 a6 4. Ba4 Nf6 5. O-O Be7 6. Re1 b5 7. Bb3 O-O 8. c3
d5 9. exd5 Nxd5 10. Nxe5 Nxe5 11. Rxe5 Nf6 12. d4 Bd6 13. Re1 Ng4 14. h3 Qh4 15.
Qf3 Bd7 16. hxg4 1-0

[Event "Let's Play Chess!"]
[Site "http://www.queenalice.com/game.php?id=242399"]
[Date "2007.7.21"]
[Round "-"]
[White "spawnwolfwolverine"]
[Black "zeppe"]
[Result "0-1"]
[WhiteElo "1820"]
[BlackElo "1888"]

1. d4 Nf6 2. e3 d5 3. c3 c5 4. dxc5 Nc6 5. Bb5 Bd7 6. b4 b6 7. a3 bxc5 8. bxc5
e6 9. Nf3 Bxc5 10. O-O O-O 11. Bxc6 Bxc6 12. Ne5 Bb5 13. a4 Bxf1 14. Kxf1 Qc7
15. f4 Bd6 16. Qc2 Bxe5 17. fxe5 Qxe5 18. g3 Rfc8 19. Bd2 Ne4 20. Ke2 d4 21.
cxd4 Qh5+ 22. Kd3 Nf2# 0-1

[Event "Let's Play Chess!"]
[Site "http://www.queenalice.com/game.php?id=244475"]
[Date "2007.7.26"]
[Round "-"]
[White "spawnwolfwolverine"]
[Black "zeppe"]
[Result "0-1"]
[WhiteElo "1866"]
[BlackElo "1901"]

1. d4 Nf6 2. c3 e6 3. Bg5 c5 4. e3 Be7 5. Nf3 b6 6. Bb5 Bb7 7. b4 cxb4 8. Bxf6
Bxf6 9. cxb4 O-O 10. O-O Be7 11. a3 f5 12. Nc3 Bf6 13. Ne5 d6 14. Nf3 Nd7 15.
Bxd7 Qxd7 16. a4 Qe7 17. Nb5 Rfc8 18. a5 Ba6 19. Qd3 Qd7 20. Rac1 Bxb5 21. Rxc8+
Rxc8 22. Qb3 Bxf1 23. Kxf1 d5 24. g3 Qb5+ 25. Kg2 bxa5 26. h4 Qxb4 27. Qxb4 axb4
28. Nd2 a5 29. Nb3 a4 30. Nc5 Rxc5 31. dxc5 b3 32. f4 b2 33. c6 b1=Q 34. c7 Qc2+
35. Kf3 a3 36. c8=Q+ Qxc8 37. h5 a2 38. g4 a1=Q 39. gxf5 Qf1+ 40. Kg3 Qc2 41.
fxe6 Qcg2# 0-1

[Event "Let's Play Chess!"]
[Site "http://www.queenalice.com/game.php?id=249816"]
[Date "2007.8.3"]
[Round "-"]
[White "maple"]
[Black "zeppe"]
[Result "1-0"]
[WhiteElo "1996"]
[BlackElo "1882"]

1. d4 Nf6 2. c4 e6 3. Nc3 Bb4 4. e3 Qe7 5. Nf3 O-O 6. Be2 d6 7. O-O e5 8. dxe5
dxe5 9. Nd5 Nxd5 10. Qxd5 e4 11. Nd4 c6 12. Qh5 Qc5 13. Qxc5 Bxc5 14. Nc2 Nd7
15. b4 Be7 16. Bb2 Bf6 17. Bxf6 Nxf6 18. Rfd1 Be6 19. h3 Rfd8 20. Rd4 Rd7 21.
Rad1 Rad8 22. Rxd7 Bxd7 23. a3 Kf8 24. Kf1 Ke7 25. Ke1 Rc8 26. f3 exf3 27. Bxf3
Bf5 28. Nd4 Be4 29. Ne2 1-0

[Event "AUTO-ADV-651"]
[Site "http://www.queenalice.com/game.php?id=272636"]
[Date "2007.9.16"]
[Round "1"]
[White "zeppe"]
[Black "THECRAZY"]
[Result "1-0"]
[WhiteElo "1896"]
[BlackElo "1924"]

1. d4 Nf6 2. c4 b6 3. Nf3 Bb7 4. Nc3 e6 5. Bf4 Bb4 6. Rc1 d5 7. e3 Ne4 8. Bd3 f5
9. Bxe4 fxe4 10. Ng5 Qf6 11. Qh5+ g6 12. Qh3 Qf5 13. Nxe6 Qxh3 14. Nxc7+ Kd7 15.
gxh3 g5 16. Be5 Rf8 17. cxd5 Na6 18. Nxa8 Bxa8 19. a3 Bxc3+ 20. bxc3 Bxd5 21. c4
Bb7 22. h4 g4 23. O-O h5 24. Rfd1 Nc7 25. Bxc7 Kxc7 26. Rd2 Kd6 27. c5+ bxc5 28.
Rxc5 Rb8 29. Rb2 a6 30. Rxh5 Kc7 31. Rh7+ Kc6 32. Rhxb7 Rxb7 33. Rxb7 Kxb7 34.
h5 Kc7 35. h6 1-0

[Event "AUTO-ADV-651"]
[Site "http://www.queenalice.com/game.php?id=272637"]
[Date "2007.9.16"]
[Round "1"]
[White "THECRAZY"]
[Black "zeppe"]
[Result "0-1"]
[WhiteElo "1889"]
[BlackElo "1880"]

1. d4 Nf6 2. c4 e6 3. Bg5 d5 4. Nc3 Be7 5. Nf3 O-O 6. g3 Ne4 7. Bxe7 Qxe7 8.
Nxe4 dxe4 9. Nd2 e5 10. Nxe4 exd4 11. Qxd4 Nc6 12. Qe3 Nb4 13. O-O-O Nxa2+ 14.
Kb1 Nb4 15. Bg2 Bf5 16. f3 Nc6 17. g4 Bxe4+ 18. fxe4 Ne5 19. Qc3 c6 20. h3 Rfd8
21. Rhf1 Qc5 22. b4 Qe7 23. Kc2 Qe6 24. Rf5 Rxd1 25. Kxd1 Nxc4 26. Rg5 Rd8+ 27.
Ke1 Qh6 28. h4 Qxh4+ 0-1

[Event "AUTO-ADV-651"]
[Site "http://www.queenalice.com/game.php?id=272638"]
[Date "2007.9.16"]
[Round "1"]
[White "zeppe"]
[Black "LeoDZeppelin"]
[Result "1-0"]
[WhiteElo "1925"]
[BlackElo "1797"]

1. d4 d5 2. c4 Nf6 3. cxd5 Nxd5 4. Nc3 Bf5 5. f3 Nb4 6. e4 Bd7 7. Bc4 a6 8. Nge2
b5 9. Bb3 a5 10. a3 N4a6 11. a4 bxa4 12. Bc4 Nb4 13. Be3 e6 14. O-O N8c6 15. f4
Be7 16. Bb5 Na7 17. Bxa4 O-O 18. Bxd7 Qxd7 19. d5 exd5 20. Rxa5 Nac6 21. Rxa8
Rxa8 22. Nxd5 f5 23. Qb3 Kf8 24. Nxb4 Nxb4 25. Nd4 fxe4 26. Ne6+ Ke8 27. Nxg7+
Kf8 28. Ne6+ Ke8 29. Qc4 Ra4 30. b3 Ra3 31. Nxc7+ Kf8 32. Ne6+ Ke8 33. Nc5 Qd5
34. Qxb4 Bxc5 35. Qxc5 Qd3 36. Qc8+ Kf7 37. Bc5 Rxb3 38. Qf8+ Kg6 39. f5+ Kh5
40. Qf7+ Kg5 41. Be7+ 1-0

[Event "AUTO-ADV-651"]
[Site "http://www.queenalice.com/game.php?id=272639"]
[Date "2007.9.16"]
[Round "1"]
[White "LeoDZeppelin"]
[Black "zeppe"]
[Result "0-1"]
[WhiteElo "1809"]
[BlackElo "1913"]

1. e4 e5 2. Bc4 Nf6 3. Nc3 Nxe4 4. Nxe4 d5 5. Bb3 dxe4 6. Qh5 Qf6 7. d3 Bf5 8.
Bg5 Qg6 9. Qxg6 Bxg6 10. Bc4 exd3 11. cxd3 Bb4+ 12. Ke2 Nd7 13. Bb5 c6 14. Ba4
Bd6 15. Nf3 Bxd3+ 16. Kd2 e4 17. Ne1 Bb4+ 18. Ke3 Ne5 19. Nxd3 Nxd3 20. Rhd1
Bc5+ 21. Kd2 Nxb2 22. Re1 Bb4+ 23. Kc2 Bxe1 24. Bxc6+ bxc6 25. Rxe1 f5 26. Kxb2
Kf7 27. Re3 Rab8+ 28. Kc3 Rb5 29. f3 Re8 30. fxe4 Rxe4 31. g3 Rxe3+ 32. Bxe3 Re5
33. Bxa7 Ra5 34. Bd4 Rxa2 35. h4 Ra3+ 36. Kc4 Ra4+ 37. Kc5 Rxd4 38. Kxd4 Kg6 39.
Kc5 Kh5 40. Kxc6 Kg4 41. Kd5 Kxg3 42. Ke5 Kg4 43. Ke6 f4 44. h5 Kxh5 45. Kf7 Kh6
46. Kg8 f3 47. Kf8 f2 48. Kf7 f1=Q+ 49. Kg8 Qf6 50. Kh8 Qf8# 0-1

[Event "Let's Play Chess!"]
[Site "http://www.queenalice.com/game.php?id=305208"]
[Date "2007.11.16"]
[Round "-"]
[White "Runemaster"]
[Black "zeppe"]
[Result "0-1"]
[WhiteElo "2059"]
[BlackElo "1936"]

1. e4 e5 2. Nf3 Nc6 3. Bc4 Nf6 4. Nc3 Nxe4 5. Nxe4 d5 6. Bxd5 Qxd5 7. Nc3 Qd6 8.
O-O Be6 9. d3 Be7 10. Be3 O-O 11. Ne4 Qd5 12. c4 Qd7 13. Bc5 Rad8 14. Bxe7 Qxe7
15. Qb3 Rb8 16. Rad1 Rfd8 17. Qc3 Bg4 18. Ned2 Qd7 19. h3 Bh5 20. g4 Bg6 21. Ne4
f5 22. Ng3 fxg4 23. hxg4 Qxg4 24. Nxe5 Nxe5 25. Qxe5 Rd6 26. Qe3 Re8 27. Qxa7
Rb6 28. Rfe1 Rf8 29. b3 h5 30. Kh1 Rxf2 31. Qb8+ Kh7 32. Qxc7 Qh3+ 33. Kg1 Qh2#
0-1

[Event "Cold Weather Open"]
[Site "http://www.queenalice.com/game.php?id=305210"]
[Date "2007.11.17"]
[Round "-"]
[White "chosadei"]
[Black "zeppe"]
[Result "1-0"]
[WhiteElo "1976"]
[BlackElo "1957"]

1. e4 e5 2. Nf3 Nc6 3. Nc3 Nf6 4. Bb5 Nd4 5. Bc4 d6 6. Nxd4 exd4 7. Ne2 Nxe4 8.
d3 Nf6 9. Nxd4 Be7 10. O-O O-O 11. Re1 d5 12. Bb3 c5 13. Nf3 Bf5 14. Ne5 Be6 15.
Qf3 Ne8 16. Bf4 Bf6 17. Re2 g6 18. Rae1 Ng7 19. c3 1-0